[Event "MTO"]
[Site "?"]
[Date "2021.07.28"]
[Round "3.126"]
[White "Donchenko Alexander"]
[Black "Gueci Tea"]
[Result "1-0"]
[WhiteElo "2652"]
[BlackElo "2179"]
[PlyCount "107"]
[EventDate "2021.??.??"]
[WhiteTeam "Deutschland"]
[BlackTeam "Italien"]
[WhiteTeamCountry "GER"]
[BlackTeamCountry "ITA"]

1. e4 c5 2. Nf3 Nc6 3. Bb5 e6 4. O-O Nge7 5. d4 cxd4 6. Nxd4 Qb6 7. Nxc6 bxc6
8. Be2 Ng6 9. c4 Be7 10. Nc3 O-O 11. Rb1 e5 12. Be3 Qc7 13. g3 Rb8 14. Qd2 d6
15. Bd3 Bh3 16. Rfd1 Qd7 17. c5 dxc5 18. Bf1 Qxd2 19. Rxd2 Be6 20. Ra1 Rb4 21.
a3 Rb3 22. Na4 Rfb8 23. Rc1 Nf8 24. h4 Nd7 25. Bc4 Bxc4 26. Rxd7 Bb5 27. Rxe7
Bxa4 28. Rxa7 Bb5 29. Rxc5 f6 30. Bc1 Rd8 31. Kh2 h5 32. Rb7 Rbd3 33. Be3 Rd1
34. Kg2 Rb1 35. Rbxb5 cxb5 36. Rxb5 Rc8 37. a4 Rc4 38. b3 Rxe4 39. Kf3 f5 40.
a5 Ra1 41. Bc5 Ra2 42. Bd6 Ree2 43. Bxe5 Rxf2+ 44. Ke3 Rae2+ 45. Kd4 Re4+ 46.
Kd5 Rfe2 47. Bd6 g5 48. hxg5 h4 49. gxh4 f4 50. a6 f3 51. a7 Re8 52. Rb8 f2 53.
a8=Q f1=Q 54. Rxe8+ 1-0

[Event "MTO"]
[Site "?"]
[Date "2021.07.28"]
[Round "3.127"]
[White "Zimmermann Luc"]
[Black "Unuk Laura"]
[Result "0-1"]
[WhiteElo "2151"]
[BlackElo "2407"]
[PlyCount "96"]
[EventDate "2021.??.??"]
[WhiteTeam "Niederlande"]
[BlackTeam "Slowenien"]
[WhiteTeamCountry "NED"]
[BlackTeamCountry "SLO"]

1. e4 c6 2. d4 d5 3. Nc3 dxe4 4. Nxe4 Nf6 5. Nxf6+ exf6 6. c3 Bd6 7. Bd3 O-O 8.
Qc2 Re8+ 9. Ne2 h5 10. O-O h4 11. h3 Nd7 12. Be3 Nf8 13. Rad1 Bc7 14. Qc1 Ne6
15. f4 Qd6 16. c4 g6 17. c5 Qe7 18. Rf3 Ng7 19. Nc3 Be6 20. f5 Bxf5 21. d5 Bg3
22. d6 Qe5 23. Bc4 Ne6 24. Bxe6 Qxe6 25. Bf2 Qc4 26. Bxg3 hxg3 27. Rxg3 Qxc5+
28. Kh1 Rad8 29. Qf4 Re6 30. Nd5 cxd5 31. Qxf5 Qxd6 32. Qg4 Re4 33. Qf3 Qe5 34.
Qc3 d4 35. Qd3 f5 36. Rf3 Rd6 37. Rff1 Re3 38. Qc4 Qe4 39. Qc5 Rxh3+ 40. Kg1
Rg3 41. Rf2 Rd5 42. Qxa7 f4 43. Qxb7 Kg7 44. Qb4 f3 45. Qe1 Qg4 46. Rdd2 Rh5
47. Qf1 Qh4 48. Rxf3 Qh2+ 0-1

[Event "MTO"]
[Site "?"]
[Date "2021.07.28"]
[Round "3.128"]
[White "Ohler Julius"]
[Black "Dordzhieva Dinara"]
[Result "0-1"]
[WhiteElo "2014"]
[BlackElo "2311"]
[PlyCount "72"]
[EventDate "2021.??.??"]
[WhiteTeam "Deutschland"]
[BlackTeam "Russland"]
[WhiteTeamCountry "GER"]
[BlackTeamCountry "RUS"]

1. d4 Nf6 2. c4 e6 3. Nf3 d5 4. Nc3 dxc4 5. e3 a6 6. Bxc4 b5 7. Be2 Bb7 8. O-O
Nbd7 9. a3 c5 10. dxc5 Bxc5 11. b4 Be7 12. Qb3 O-O 13. Rd1 Qc7 14. h3 Ne5 15.
Nxe5 Qxe5 16. f4 Qc7 17. Bb2 Qb6 18. Rd3 Rac8 19. Kh1 Ne4 20. Nxe4 Bxe4 21. Rd2
Bd5 22. Qd3 Rfd8 23. Bd4 Qc6 24. Bd1 Be4 25. Qe2 Bf6 26. Raa2 Bxd4 27. exd4 Qd5
28. Qe3 Rc1 29. Kh2 Rdc8 30. Qf2 R8c3 31. Qh4 h6 32. Qg4 Re3 33. Be2 Bf5 34.
Qh4 Rxh3+ 35. gxh3 Qh1+ 36. Kg3 Qe1+ 0-1

[Event "MTO"]
[Site "?"]
[Date "2021.07.28"]
[Round "3.129"]
[White "Fecker Noah"]
[Black "Dornieden Jonas"]
[Result "1-0"]
[WhiteElo "2309"]
[BlackElo "2001"]
[PlyCount "75"]
[EventDate "2021.??.??"]
[WhiteTeam "Schweiz"]
[BlackTeam "Schweiz"]
[WhiteTeamCountry "SUI"]
[BlackTeamCountry "SUI"]

1. e4 c5 2. Nf3 Nc6 3. d4 cxd4 4. Nxd4 Nf6 5. Nc3 e5 6. Ndb5 d6 7. Bg5 a6 8.
Na3 b5 9. Nd5 Be7 10. Bxf6 Bxf6 11. c4 b4 12. Nc2 a5 13. g3 g6 14. Bg2 Bg7 15.
O-O O-O 16. b3 h5 17. Qd3 Be6 18. Rad1 Ra7 19. Nde3 Qb6 20. f4 Bg4 21. Rd2 Nd4
22. Kh1 a4 23. f5 Bh6 24. h3 Nxc2 25. Nxc2 Bxd2 26. Qxd2 f6 27. hxg4 hxg4 28.
fxg6 Kg7 29. Ne3 Rh8+ 30. Kg1 axb3 31. Qf2 Kg8 32. axb3 Ra3 33. Re1 Qd8 34. Qf5
Kg7 35. Qxg4 Rxb3 36. Nf5+ Kg8 37. Qd1 Qb6+ 38. Kf1 1-0

[Event "MTO"]
[Site "?"]
[Date "2021.07.28"]
[Round "3.130"]
[White "Ammar Sedrani"]
[Black "Schmid Christoph"]
[Result "1-0"]
[WhiteElo "2274"]
[BlackElo "2091"]
[PlyCount "55"]
[EventDate "2021.??.??"]
[WhiteTeam "Vereinigte Arabische Emirate"]
[BlackTeam "Schweiz"]
[WhiteTeamCountry "UAE"]
[BlackTeamCountry "SUI"]

1. d4 d5 2. Bf4 Nf6 3. e3 e6 4. Nd2 c5 5. c3 Nc6 6. Bd3 Bd6 7. Bxd6 Qxd6 8. f4
cxd4 9. cxd4 Bd7 10. a3 Rc8 11. Ngf3 Ng4 12. Qe2 f5 13. Ne5 Ncxe5 14. fxe5 Qb6
15. h3 Nh6 16. O-O a6 17. b4 Bb5 18. Nb3 Bxd3 19. Qxd3 O-O 20. Nc5 Nf7 21. Nd7
Qb5 22. Qxb5 axb5 23. Nxf8 Kxf8 24. Rfc1 Rc6 25. Rxc6 bxc6 26. a4 bxa4 27. Rxa4
Nd8 28. Ra7 1-0